000 00299nam a22001337a 4500
008 171018b xxu||||| |||| 00| 0 eng d
020 _a9780324259902
041 _aeng
080 _23RD
_a338
100 _a53
101 _aMEN
245 _aMULTINATIONAL MANAGEMENT
_cCULLEN,J,B
942 _2udc
_cBK
999 _c34686
_d34686